[Event "South Wales Autumn Premier"]
[Site "Newport"]
[Date "2018.11.16"]
[Round "1.1"]
[White "Williams, David J"]
[Black "Jones, Martin C"]
[Result "0-1"]
[WhiteElo "1531"]
[BlackElo "1761"]
[PlyCount "98"]
[EventDate "2018.11.16"]
[EventType "swiss"]
[EventRounds "5"]
[EventCountry "WLS"]
[SourceDate "2018.11.17"]

1. d4 Nf6 2. Nf3 g6 3. Bg5 Bg7 4. Nbd2 d5 5. e3 O-O 6. Bd3 c5 7. c3 Nbd7 8. O-O
b6 9. Re1 Bb7 10. Qc2 c4 11. Bf1 Rc8 12. Bxf6 Nxf6 13. g3 Qc7 14. Bg2 Ne4 15.
Nxe4 dxe4 16. Ng5 f5 17. Ne6 Qd6 18. Nxf8 Bxf8 19. h4 a6 20. a4 Bd5 21. Qe2 e6
22. Kh2 Be7 23. Kh3 e5 24. dxe5 Qxe5 25. f4 exf3 26. Bxf3 Be6 27. Kg2 Bd6 28.
Qf2 Bc5 29. Rad1 Re8 30. Bc6 Re7 31. Qf4 Qf6 32. e4 Kg7 33. e5 Qf7 34. Rd2 Rc7
35. Bf3 b5 36. axb5 axb5 37. Ra1 b4 38. cxb4 Bxb4 39. Rd8 Be7 40. Rdd1 h6 41.
Ra8 g5 42. Qe3 g4 43. Be2 Bd5+ 44. Kh2 Bxa8 45. e6 Qf6 46. Rf1 c3 47. Bxg4 cxb2
48. Rxf5 b1=Q 49. Rxf6 Qh1# 0-1

[Event "South Wales Autumn Premier"]
[Site "Newport"]
[Date "2018.11.16"]
[Round "1.2"]
[White "Pinch, David"]
[Black "Horrell, Stephen A"]
[Result "1/2-1/2"]
[WhiteElo "1718"]
[BlackElo "1522"]
[PlyCount "83"]
[EventDate "2018.11.16"]
[EventType "swiss"]
[EventRounds "5"]
[EventCountry "WLS"]
[SourceDate "2018.11.17"]

1. d4 d5 2. Bf4 Nf6 3. e3 e6 4. Nf3 c5 5. c3 Nc6 6. Nbd2 Bd7 7. Bd3 Be7 8. h3
Rc8 9. O-O cxd4 10. exd4 O-O 11. Re1 Na5 12. Ne5 b5 13. Rc1 b4 14. c4 dxc4 15.
Ndxc4 Nxc4 16. Bxc4 Qa5 17. Qd3 Ba4 18. Qf3 Bb5 19. Qb3 Bxc4 20. Rxc4 Qd5 21.
Rec1 Rxc4 22. Qxc4 Qxc4 23. Rxc4 Nd5 24. Bd2 Bd6 25. Kf1 Rd8 26. Nd3 a5 27. Nc5
Rc8 28. Rc1 Rc7 29. Ke2 Kf8 30. Kd3 Bf4 31. g3 Bxd2 32. Kxd2 Ke7 33. Kd3 Nb6
34. Nb3 Rxc1 35. Nxc1 a4 36. a3 bxa3 37. bxa3 Kd6 38. Ne2 f6 39. Nc3 e5 40. f4
exf4 41. gxf4 f5 42. Nb5+ 1/2-1/2

[Event "South Wales Autumn Premier"]
[Site "Newport"]
[Date "2018.11.16"]
[Round "1.3"]
[White "Davies, Gareth"]
[Black "Williams, Ron"]
[Result "1/2-1/2"]
[WhiteElo "1427"]
[BlackElo "1683"]
[PlyCount "63"]
[EventDate "2018.11.16"]
[EventType "swiss"]
[EventRounds "5"]
[EventCountry "WLS"]
[SourceDate "2018.11.17"]

1. d4 e6 2. Nf3 f5 3. Bf4 Nf6 4. Nbd2 d6 5. e3 Be7 6. h3 Ne4 7. Nxe4 fxe4 8.
Nd2 d5 9. Be2 O-O 10. c3 Bd6 11. Bxd6 Qxd6 12. O-O Nd7 13. f4 exf3 14. Rxf3
Rxf3 15. Bxf3 e5 16. Qe1 e4 17. Bg4 Nf6 18. Bxc8 Rxc8 19. Qh4 Rf8 20. Nf1 Nd7
21. Qg4 Rf6 22. Re1 Qe6 23. Qxe6+ Rxe6 24. Nd2 Rf6 25. Rf1 Rxf1+ 26. Kxf1 Kf7
27. Kf2 Kf6 28. Nf1 Nf8 29. Ng3 g6 30. Ne2 Ne6 31. h4 h6 32. g4 1/2-1/2

[Event "South Wales Autumn Premier"]
[Site "Newport"]
[Date "2018.11.16"]
[Round "1.4"]
[White "Williams, Stephen"]
[Black "Lutchman Singh, Aishwarya"]
[Result "1-0"]
[WhiteElo "1626"]
[BlackElo "1413"]
[PlyCount "79"]
[EventDate "2018.11.16"]
[EventType "swiss"]
[EventRounds "5"]
[EventCountry "WLS"]
[SourceDate "2018.11.17"]

1. d4 Nf6 2. c4 d6 3. Nc3 Nbd7 4. e4 e5 5. d5 Be7 6. Bd3 O-O 7. Nf3 a5 8. O-O
Nc5 9. Bc2 Ne8 10. Be3 f5 11. Bxc5 dxc5 12. Nxe5 Qd6 13. Nf3 fxe4 14. Nxe4 Qg6
15. Ng3 Qg4 16. Qd3 Nf6 17. h3 Qf4 18. Nh5 Qh6 19. Ng3 Nh5 20. Nxh5 Qxh5 21.
Qe3 Bd6 22. Qg5 Qxg5 23. Nxg5 h6 24. Ne4 Be5 25. Nxc5 Bxb2 26. Rab1 Bd4 27. Nb3
Bc3 28. Rbd1 Bf5 29. Bxf5 Rxf5 30. Rc1 Be5 31. Nc5 Bd4 32. Nxb7 Rff8 33. c5 Rf5
34. d6 c6 35. Rc2 Rf7 36. Rb1 Rb8 37. Rd1 Bxf2+ 38. Rxf2 Rfxb7 39. d7 Rxd7 40.
Rxd7 1-0

[Event "South Wales Autumn Premier"]
[Site "Newport"]
[Date "2018.11.16"]
[Round "1.5"]
[White "Hammett, Scott"]
[Black "Cheung, Ryan"]
[Result "1/2-1/2"]
[WhiteElo "1524"]
[BlackElo "1605"]
[PlyCount "93"]
[EventDate "2018.11.16"]
[EventType "swiss"]
[EventRounds "5"]
[EventCountry "WLS"]
[SourceDate "2018.11.17"]

1. f4 d5 2. Nf3 g6 3. e3 c5 4. c3 Bg7 5. d4 Nc6 6. Be2 Nf6 7. O-O O-O 8. Ne5
Qc7 9. Nd2 Bf5 10. Bf3 Be4 11. Nxe4 Nxe4 12. Bd2 f5 13. g4 Nxe5 14. fxe5 e6 15.
Bxe4 fxe4 16. Qe2 Qe7 17. Rf4 Bh6 18. Rxf8+ Rxf8 19. Rf1 Rxf1+ 20. Qxf1 Qh4 21.
Qe2 cxd4 22. cxd4 Qh3 23. a3 a6 24. b4 b5 25. Bc1 Bg5 26. Bd2 Kg7 27. Kh1 Kh6
28. Qg2 Qf3 29. Qxf3 exf3 30. h3 Kg7 31. Kg1 Bh4 32. Kf1 f2 33. Kg2 h5 34. e4
dxe4 35. Be3 Kf7 36. Bxf2 Bg5 37. Be1 Bc1 38. Bc3 Bxa3 39. Kf2 Bc1 40. Ke2 Ke7
41. Bd2 Bb2 42. Ke3 Kd7 43. Kxe4 Kc6 44. gxh5 gxh5 45. Be1 Ba1 46. Bd2 Bb2 47.
Be1 1/2-1/2

[Event "South Wales Autumn Premier"]
[Site "Newport"]
[Date "2018.11.16"]
[Round "1.6"]
[White "Jones, Jeremy"]
[Black "O'rourke, Kevin"]
[Result "0-1"]
[WhiteElo "1584"]
[BlackElo "1261"]
[PlyCount "119"]
[EventDate "2018.11.16"]
[EventType "swiss"]
[EventRounds "5"]
[EventCountry "WLS"]
[SourceDate "2018.11.17"]

1. e4 e5 2. Nf3 d6 3. Bc4 h6 4. O-O Nf6 5. Nc3 Be7 6. d4 exd4 7. Nxd4 Nbd7 8.
Nf5 Ne5 9. Bb3 O-O 10. Nd5 Nxd5 11. Bxd5 Bf6 12. f4 Ng6 13. Rf3 Bxf5 14. exf5
Ne7 15. Be4 d5 16. Bd3 c5 17. g4 Kh8 18. g5 Bd4+ 19. Kh1 c4 20. c3 cxd3 21.
gxh6 Nxf5 22. cxd4 Nxh6 23. f5 Qd6 24. Bxh6 Qxh6 25. Qxd3 Kg8 26. Rh3 Qf6 27.
Rg1 Rae8 28. Rhg3 Re4 29. Rg4 Rfe8 30. Rxe4 Rxe4 31. Qg3 Rxd4 32. h3 Rh4 33.
Qb8+ Kh7 34. Qg3 Rh5 35. Rf1 g6 36. fxg6+ Qxg6 37. Qxg6+ fxg6 38. Kg2 Rf5 39.
Re1 d4 40. Re7+ Kh6 41. Rxb7 Rd5 42. Kf2 d3 43. Ke1 a6 44. Kd2 Rb5 45. Rxb5
axb5 46. a3 Kh5 47. b3 Kh4 48. a4 bxa4 49. bxa4 Kxh3 50. a5 g5 51. a6 g4 52. a7
g3 53. a8=Q g2 54. Qh8+ Kg3 55. Qg7+ Kf2 56. Qf6+ Kg1 57. Kxd3 Kh2 58. Qh4+ Kg1
59. Ke3 Kf1 60. Qf2# 0-1

[Event "South Wales Autumn Premier"]
[Site "Newport"]
[Date "2018.11.17"]
[Round "2.1"]
[White "Jones, Martin C"]
[Black "Jones, Jeremy"]
[Result "1-0"]
[WhiteElo "1761"]
[BlackElo "1584"]
[PlyCount "67"]
[EventDate "2018.11.16"]
[EventType "swiss"]
[EventRounds "5"]
[EventCountry "WLS"]
[SourceDate "2018.11.17"]

1. e4 e5 2. Nf3 Nc6 3. d4 exd4 4. Nxd4 Nxd4 5. Qxd4 d6 6. Bc4 Be6 7. Nc3 Qf6 8.
Qd3 Ne7 9. O-O Bxc4 10. Qxc4 O-O-O 11. Be3 Nc6 12. Nd5 Qe6 13. Bxa7 Be7 14. b4
Qd7 15. b5 Nxa7 16. Nb6+ Kb8 17. Nxd7+ Rxd7 18. a4 Bf6 19. Ra2 c6 20. bxc6 Nxc6
21. Rb1 Rc8 22. Qd5 Bd4 23. a5 Bc5 24. c3 Rdc7 25. g3 Ne5 26. a6 b6 27. a7+
Rxa7 28. Rxa7 Kxa7 29. Ra1+ Kb8 30. Kg2 f6 31. f4 Nd7 32. Qf7 Rc7 33. Qe8+ Kb7
34. Qa8# 1-0

[Event "South Wales Autumn Premier"]
[Site "Newport"]
[Date "2018.11.17"]
[Round "2.2"]
[White "Macarthur, Duncan M"]
[Black "Williams, Stephen"]
[Result "1-0"]
[WhiteElo "1742"]
[BlackElo "1626"]
[PlyCount "87"]
[EventDate "2018.11.16"]
[EventType "swiss"]
[EventRounds "5"]
[EventCountry "WLS"]
[SourceDate "2018.11.17"]

1. c4 e5 2. Nc3 Nf6 3. Nf3 Nc6 4. a3 a6 5. g3 Bc5 6. Bg2 d6 7. O-O O-O 8. b4
Ba7 9. Bb2 Re8 10. d3 Rb8 11. Rc1 h6 12. Qa4 Bb6 13. e3 Bf5 14. Rfd1 Bg4 15. h3
Bh5 16. Re1 e4 17. dxe4 Nxe4 18. Nd5 Bxf3 19. Bxf3 Ba7 20. Qc2 Ng5 21. Bg2 Ne7
22. Nf4 Qd7 23. Qc3 f6 24. h4 Nf7 25. Bh3 Qc6 26. Bg2 Qb6 27. Nh5 Ne5 28. Nf4
c6 29. c5 dxc5 30. bxc5 Qd8 31. Rcd1 Qc8 32. Bh3 Qc7 33. Qb3+ Kh7 34. Ne6 Qa5
35. Qc2+ Kh8 36. Kg2 Nd5 37. Bxe5 fxe5 38. Qg6 Re7 39. Rxd5 cxd5 40. Bf5 Kg8
41. Qh7+ Kf7 42. Qxg7+ Ke8 43. Qf8+ Kd7 44. Nd4+ 1-0

[Event "South Wales Autumn Premier"]
[Site "Newport"]
[Date "2018.11.17"]
[Round "2.3"]
[White "Dimond, Peter D"]
[Black "McIntosh, Rachel"]
[Result "0-1"]
[WhiteElo "1744"]
[BlackElo "1556"]
[PlyCount "80"]
[EventDate "2018.11.16"]
[EventType "swiss"]
[EventRounds "5"]
[EventCountry "WLS"]
[SourceDate "2018.11.17"]

1. d4 Nf6 2. c4 e5 3. d5 Bc5 4. Nc3 d6 5. e4 Ng4 6. Nh3 f5 7. Be2 Nf6 8. Bh5+
g6 9. Bf3 Bd7 10. Bg5 h6 11. Bd2 c6 12. Qc2 g5 13. Ng1 f4 14. h3 Na6 15. a3 Nc7
16. Na4 Bd4 17. Bc3 Bxc3+ 18. Nxc3 c5 19. b4 Qe7 20. bxc5 dxc5 21. O-O-O Qd6
22. Qb3 Qa6 23. Be2 Rb8 24. Nf3 Qd6 25. Nb5 Nxb5 26. cxb5 Nxe4 27. Rhf1 b6 28.
Qb2 O-O 29. Nxe5 Rbe8 30. Nxd7 Qxd7 31. d6 Nxd6 32. Rxd6 Qxd6 33. Bc4+ Kh7 34.
Qc2+ Kg7 35. Rd1 Qf6 36. Rd7+ Re7 37. Rxe7+ Qxe7 38. Qc3+ Qf6 39. Qd3 Rd8 40.
Qc2 Qa1+ 0-1

[Event "South Wales Autumn Premier"]
[Site "Newport"]
[Date "2018.11.17"]
[Round "2.4"]
[White "Shaw, Tony"]
[Black "Pinch, David"]
[Result "1/2-1/2"]
[WhiteElo "1525"]
[BlackElo "1718"]
[PlyCount "59"]
[EventDate "2018.11.16"]
[EventType "swiss"]
[EventRounds "5"]
[EventCountry "WLS"]
[SourceDate "2018.11.17"]

1. e4 c5 2. Nc3 d6 3. g3 g6 4. Bg2 Bg7 5. d3 Nc6 6. Nge2 Nf6 7. f4 O-O 8. O-O
a6 9. h3 Qc7 10. Be3 b5 11. Qd2 e6 12. e5 dxe5 13. fxe5 Nd7 14. d4 cxd4 15.
Nxd4 Bb7 16. Rad1 Ndxe5 17. Nxc6 Bxc6 18. Bf4 Bxg2 19. Qxg2 Qc5+ 20. Kh2 Nc4
21. Qf3 e5 22. Bc1 f5 23. Rd5 Qe7 24. Rfd1 e4 25. Qe2 Rad8 26. h4 Ne5 27. Bg5
Bf6 28. Bf4 Rfe8 29. Kg2 Bg7 30. Bg5 1/2-1/2

[Event "South Wales Autumn Premier"]
[Site "Newport"]
[Date "2018.11.17"]
[Round "2.5"]
[White "Williams, Ron"]
[Black "Smith, George"]
[Result "0-1"]
[WhiteElo "1683"]
[BlackElo "1496"]
[Annotator "Thornton,John"]
[PlyCount "76"]
[EventDate "2018.11.16"]
[EventType "swiss"]
[EventRounds "5"]
[EventCountry "WLS"]
[SourceDate "2018.11.17"]

1. d4 d5 2. Bf4 c6 3. c3 e6 4. e3 Nd7 5. Nf3 f5 6. Nbd2 Ngf6 7. Be2 Be7 8. Ne5
O-O 9. h3 c5 10. g4 cxd4 11. exd4 Ne4 12. Nxe4 dxe4 13. Qd2 Bh4 14. O-O-O Nxe5
15. Bxe5 Bxf2 16. Bc4 e3 17. Qd3 f4 18. h4 f3 19. Qe4 Bxh4 20. Bg3 e2 21. Bxh4
exd1=Q+ 22. Kxd1 Qd7 23. Be7 Qxe7 24. Qxh7+ Kf7 25. Qh5+ g6 26. Qh7+ Ke8 27.
Qxg6+ Qf7 28. Qe4 a6 29. Rh7 Qf4 30. Qg6+ Kd8 31. Qg7 Qf6 32. Qc7+ Ke8 33. Rg7
f2 34. Bf1 Qf3+ 35. Kc2 Qf6 36. Bd3 b5 37. Bg6+ Qxg6+ 38. Rxg6 f1=Q {White
lost on time} 0-1

[Event "South Wales Autumn Premier"]
[Site "Newport"]
[Date "2018.11.17"]
[Round "2.6"]
[White "Horrell, Stephen A"]
[Black "Probert, Malcolm"]
[Result "1-0"]
[WhiteElo "1522"]
[BlackElo "1622"]
[PlyCount "83"]
[EventDate "2018.11.16"]
[EventType "swiss"]
[EventRounds "5"]
[EventCountry "WLS"]
[SourceDate "2018.11.17"]

1. e4 g6 2. d4 Bg7 3. Nf3 c6 4. c3 d5 5. e5 Bg4 6. Bd3 Nh6 7. h3 Bxf3 8. Qxf3
Na6 9. Qe2 Nc7 10. Nd2 O-O 11. Nf3 b5 12. Be3 e6 13. Qd2 Nf5 14. Bg5 Qd7 15. g4
Ne7 16. Bh6 a5 17. h4 Na6 18. h5 f5 19. hxg6 Nxg6 20. Bxg7 Qxg7 21. gxf5 exf5
22. Ng5 Nxe5 23. dxe5 Qxe5+ 24. Qe3 Qd6 25. O-O-O Rae8 26. Qf3 Re7 27. Rdg1 Rg7
28. Nh3 Rxg1+ 29. Rxg1+ Kh8 30. Qg3 Qxg3 31. Rxg3 Nc5 32. Kd2 Ne4+ 33. Bxe4
fxe4 34. Ke3 Rf6 35. Nf4 h6 36. Ne2 c5 37. Nf4 Rd6 38. Rh3 Kh7 39. Rh5 d4+ 40.
cxd4 Rxd4 41. Rxc5 Rb4 42. b3 1-0

[Event "South Wales Autumn Premier"]
[Site "Newport"]
[Date "2018.11.17"]
[Round "2.7"]
[White "Lutchman Singh, Karanvir"]
[Black "Hammett, Scott"]
[Result "0-1"]
[WhiteElo "1606"]
[BlackElo "1524"]
[PlyCount "52"]
[EventDate "2018.11.16"]
[EventType "swiss"]
[EventRounds "5"]
[EventCountry "WLS"]
[SourceDate "2018.11.17"]

1. e4 e5 2. Nf3 f5 3. Nc3 Nf6 4. Bc4 Bc5 5. O-O Nc6 6. Ng5 Rf8 7. exf5 d5 8.
Bb3 Bxf5 9. Na4 Bd6 10. d3 Qd7 11. Nc3 Ne7 12. Qf3 Bg4 13. Qe3 d4 14. Qd2 dxc3
15. bxc3 h6 16. f3 hxg5 17. fxg4 O-O-O 18. Qxg5 Qxg4 19. Rxf6 Qd1+ 20. Kf2
Rxf6+ 21. Kg3 Rg6 22. Qxg6 Nxg6 23. Be6+ Kb8 24. Bg5 e4+ 25. Kh3 Rh8+ 26. Bh4
Rxh4# 0-1

[Event "South Wales Autumn Premier"]
[Site "Newport"]
[Date "2018.11.17"]
[Round "3.2"]
[White "McIntosh, Rachel"]
[Black "McIntosh, David"]
[Result "0-1"]
[WhiteElo "1556"]
[BlackElo "1394"]
[Annotator "Thornton,John"]
[PlyCount "138"]
[EventDate "2018.11.16"]
[EventType "swiss"]
[EventRounds "5"]
[EventCountry "WLS"]
[SourceDate "2018.11.17"]

1. e4 c6 2. d4 d5 3. e5 Bf5 4. Nf3 e6 5. Be2 c5 6. c3 c4 $2 7. O-O (7. b3 $1 {
is why 6...c4 is wrong} b5 8. a4 $1 $16) 7... Ne7 8. Bg5 ({Still} 8. b3 $1)
8... h6 9. Bh4 $6 (9. Bxe7) (9. Be3) 9... b5 10. Na3 (10. a4 $5) 10... Qb6 11.
Nc2 Bh7 12. Nfe1 Nf5 13. Bg3 Nxg3 14. hxg3 $17 Be7 15. f4 O-O 16. Ne3 Nc6 17.
Nf3 a5 18. g4 b4 19. f5 a4 20. Qc1 $19 (20. a3 $17 {the computer has this as
the only move that keeps White in the game} bxa3 21. bxa3 Rfb8 (21... Na5 22.
Qe1 Nb3 23. Ra2 Qa5 24. f6 gxf6 25. Qh4 Qxc3 26. Nd1 Qc1 27. exf6) 22. Qe1 Qa5
23. Bd1) 20... a3 $1 21. b3 $2 (21. Rb1 axb2 22. Rxb2 Qa7 23. -- $140 Qa3)
21... cxb3 22. axb3 bxc3 $6 (22... Rfc8 $142) 23. Qxc3 Rfc8 24. Rfb1 $4 (24.
Rfc1) 24... Nxe5 {This is easily winning} 25. Qd2 Nxf3+ 26. Bxf3 Bb4 27. Qd3
Bc3 28. Ra2 Bxd4 29. Re1 Rc3 30. Qd1 Rxe3 31. Rxe3 Bxe3+ 32. Kh1 Qb4 33. fxe6
Rd8 34. exf7+ Kxf7 (34... Kf8) 35. Bxd5+ Ke7 36. Qf3 (36. Re2) 36... Qe1+ 37.
Kh2 Qh4+ 38. Qh3 Qxh3+ 39. gxh3 Bc1 (39... Rxd5 {#9 I'm told}) 40. Bc4 Rd2+ 41.
Rxd2 Bxd2 42. b4 Bxb4 43. Ba2 Kf8 44. Kg3 Bg8 45. Bb1 a2 46. Bxa2 Bxa2 47. Kf4
g5+ 48. Kf5 Bb1+ 49. Kf6 Bc3+ 50. Ke6 Be4 51. Kd6 Bg2 52. Ke6 Bxh3 53. Kf5
Bxg4+ 54. Kxg4 Kg7 55. Kh5 Ba1 56. Kg4 Kg6 57. Kg3 h5 58. Kf3 g4+ 59. Kf4 Bb2
60. Kg3 Kg5 61. Kg2 h4 62. Kh2 g3+ 63. Kh3 Ba1 64. Kg2 Kg4 65. Kg1 h3 66. Kh1
Kf3 67. Kg1 h2+ 68. Kh1 g2+ 69. Kxh2 Bd4 0-1

[Event "South Wales Autumn Premier"]
[Site "Newport"]
[Date "2018.11.17"]
[Round "3.3"]
[White "Smith, George"]
[Black "Horrell, Stephen A"]
[Result "0-1"]
[WhiteElo "1496"]
[BlackElo "1522"]
[PlyCount "42"]
[EventDate "2018.11.16"]
[EventType "swiss"]
[EventRounds "5"]
[EventCountry "WLS"]
[SourceDate "2018.11.17"]

1. d4 d5 2. Nc3 e6 3. Nf3 Nf6 4. Bg5 Be7 5. Qd2 Nbd7 6. O-O-O a6 7. e3 b5 8.
Ne5 Nxe5 9. dxe5 Nd7 10. Bxe7 Qxe7 11. f4 O-O 12. g4 Nb6 13. g5 Bb7 14. Rg1 b4
15. Nb1 Nc4 16. Bxc4 dxc4 17. c3 Bf3 18. Rdf1 Rfd8 19. Qf2 Be4 20. Qe1 Qd7 21.
Rf2 Qd3 0-1

[Event "South Wales Autumn Premier"]
[Site "Newport"]
[Date "2018.11.17"]
[Round "3.4"]
[White "Hammett, Scott"]
[Black "Pinch, David"]
[Result "0-1"]
[WhiteElo "1524"]
[BlackElo "1718"]
[PlyCount "68"]
[EventDate "2018.11.16"]
[EventType "swiss"]
[EventRounds "5"]
[EventCountry "WLS"]
[SourceDate "2018.11.17"]

1. c4 e5 2. Nc3 Nf6 3. e3 d5 4. cxd5 Nxd5 5. Bc4 c6 6. d4 exd4 7. Qxd4 Be6 8.
e4 Nxc3 9. Qxd8+ Kxd8 10. Bxe6 fxe6 11. Bg5+ Be7 12. Bxe7+ Kxe7 13. bxc3 Nd7
14. Nf3 Nc5 15. Nd2 Rad8 16. f3 Rd3 17. Nb3 Rxc3 18. Nxc5 Rxc5 19. Rb1 b6 20.
O-O Rd8 21. a4 Ra5 22. Rfc1 c5 23. Rc4 Rd4 24. Rxd4 cxd4 25. Rb4 e5 26. Rc4 Rc5
27. Rb4 Rc2 28. a5 d3 29. Rb5 d2 30. Rxe5+ Kf6 31. Rd5 Rc1+ 32. Kf2 d1=Q 33.
Rxd1 Rxd1 34. axb6 axb6 0-1

[Event "South Wales Autumn Premier"]
[Site "Newport"]
[Date "2018.11.17"]
[Round "3.5"]
[White "Williams, Stephen"]
[Black "Shaw, Tony"]
[Result "0-1"]
[WhiteElo "1626"]
[BlackElo "1525"]
[PlyCount "74"]
[EventDate "2018.11.16"]
[EventType "swiss"]
[EventRounds "5"]
[EventCountry "WLS"]
[SourceDate "2018.11.17"]

1. d4 d5 2. c4 c6 3. Nf3 Nf6 4. Nc3 dxc4 5. e4 Bg4 6. Bxc4 e6 7. h3 Bh5 8. Be3
Be7 9. O-O Nbd7 10. a4 a5 11. Be2 Bg6 12. Qc2 O-O 13. Nh4 Bxe4 14. Nxe4 Nxe4
15. Ng6 hxg6 16. Qxe4 Nf6 17. Qc2 Nd5 18. Rac1 Bg5 19. Qd2 Nxe3 20. fxe3 e5 21.
Rc4 Re8 22. Rf3 e4 23. Rf1 Rc8 24. Rfc1 Qd6 25. Rc5 Qg3 26. R1c3 Be7 27. Rxa5
Bd6 28. Bf1 Re6 29. Re5 Rxe5 30. dxe5 Bxe5 31. Rc4 f5 32. Rc1 Rb8 33. Bc4+ Kh7
34. Bf1 f4 35. Re1 f3 36. Bc4 Rf8 37. Qf2 Qh2+ 0-1

[Event "South Wales Autumn Premier"]
[Site "Newport"]
[Date "2018.11.17"]
[Round "3.6"]
[White "Jones, Jeremy"]
[Black "Davies, Gareth"]
[Result "1/2-1/2"]
[WhiteElo "1584"]
[BlackElo "1427"]
[PlyCount "63"]
[EventDate "2018.11.16"]
[EventType "swiss"]
[EventRounds "5"]
[EventCountry "WLS"]
[SourceDate "2018.11.17"]

1. d4 d5 2. c4 e6 3. Nf3 Nf6 4. Nc3 c6 5. cxd5 exd5 6. Bg5 Be7 7. e3 h6 8. Bf4
Bf5 9. Bd3 Bxd3 10. Qxd3 Nbd7 11. O-O O-O 12. Rfe1 Nh5 13. Be5 Nxe5 14. Nxe5
Nf6 15. Rad1 Re8 16. f3 Bb4 17. a3 Bxc3 18. Qxc3 Rc8 19. b4 a6 20. Nd3 Re7 21.
Nc5 Qc7 22. e4 dxe4 23. fxe4 Rd8 24. Rd3 Rde8 25. Red1 Qf4 26. Rf1 Qc7 27. Rxf6
gxf6 28. Rg3+ Kh7 29. Qf3 Rg8 30. Rxg8 Kxg8 31. Qxf6 Kh7 32. Qf5+ 1/2-1/2

[Event "South Wales Autumn Premier"]
[Site "Newport"]
[Date "2018.11.17"]
[Round "3.7"]
[White "Cheung, Ryan"]
[Black "Dimond, Peter D"]
[Result "1-0"]
[WhiteElo "1605"]
[BlackElo "1744"]
[PlyCount "99"]
[EventDate "2018.11.16"]
[EventType "swiss"]
[EventRounds "5"]
[EventCountry "WLS"]
[SourceDate "2018.11.17"]

1. d4 Nf6 2. c4 g6 3. Nc3 Bg7 4. e4 d6 5. Be2 O-O 6. Nf3 e5 7. O-O Nc6 8. d5
Ne7 9. b4 Ne8 10. a4 f5 11. Nd2 f4 12. f3 g5 13. Nb3 Rf6 14. c5 Rh6 15. Ba3 Ng6
16. Rc1 g4 17. fxg4 Qh4 18. h3 Nf6 19. cxd6 cxd6 20. Bf3 Qg3 21. Ne2 Qh4 22.
Qe1 Qg5 23. Nc3 Nh4 24. Be2 Bxg4 25. hxg4 Nxg4 26. Bxg4 Qxg4 27. Qe2 f3 28.
Rxf3 Nxf3+ 29. Qxf3 Qh4 30. Qh3 Qf4 31. Rf1 Rxh3 32. Rxf4 Rxc3 33. Rf3 Rxf3 34.
gxf3 Kf7 35. Na5 Rb8 36. b5 Ke7 37. Nc4 Kd7 38. Bxd6 Rc8 39. Bxe5 Rxc4 40. Bxg7
Rxa4 41. e5 Rb4 42. Kf2 Rxb5 43. d6 Ke6 44. Kg3 a5 45. Kg4 a4 46. f4 a3 47. f5+
Kf7 48. Bh8 a2 49. e6+ Ke8 50. d7+ 1-0

[Event "South Wales Autumn Premier"]
[Site "Newport"]
[Date "2018.11.17"]
[Round "3.8"]
[White "O'rourke, Kevin"]
[Black "Williams, Ron"]
[Result "0-1"]
[WhiteElo "1261"]
[BlackElo "1683"]
[PlyCount "71"]
[EventDate "2018.11.16"]
[EventType "swiss"]
[EventRounds "5"]
[EventCountry "WLS"]
[SourceDate "2018.11.17"]

1. e4 d6 2. d4 Nf6 3. Nc3 Nbd7 4. Nf3 e5 5. Bd3 Be7 6. d5 c6 7. Be3 Qc7 8. Qd2
h6 9. O-O-O c5 10. Be2 a6 11. Qe1 b5 12. Nb1 Bd8 13. a3 c4 14. Bf1 Nc5 15. Be2
Ncxe4 16. Nfd2 Nc5 17. Nf3 O-O 18. h3 Bb7 19. Bd2 Nxd5 20. Nc3 Nxc3 21. Bxc3
Nd7 22. Nh2 d5 23. Bd2 d4 24. Ng4 Kh7 25. h4 f5 26. Nxh6 gxh6 27. Rh3 Rg8 28.
Bg5 Bxg5+ 29. hxg5 Rxg5 30. f3 Rag8 31. g4 fxg4 32. Rxh6+ Kxh6 33. Qh4+ Rh5 34.
Qe1 Qc6 35. Qd2+ Kh7 36. Bd3+ 0-1

[Event "South Wales Autumn Premier"]
[Site "Newport"]
[Date "2018.11.17"]
[Round "3.9"]
[White "Probert, Malcolm"]
[Black "Lutchman Singh, Karanvir"]
[Result "1/2-1/2"]
[WhiteElo "1622"]
[BlackElo "1606"]
[PlyCount "45"]
[EventDate "2018.11.16"]
[EventType "swiss"]
[EventRounds "5"]
[EventCountry "WLS"]
[SourceDate "2018.11.17"]

1. Nf3 Nf6 2. g3 g6 3. b3 Bg7 4. Bb2 d5 5. c4 c6 6. Bg2 O-O 7. O-O Bg4 8. h3
Bd7 9. d3 Qc8 10. Kh2 Qc7 11. d4 Ne4 12. Nbd2 Nd6 13. cxd5 cxd5 14. Rc1 Nc6 15.
Ne5 e6 16. Ndf3 Qd8 17. Nxc6 Bxc6 18. Ne5 Rc8 19. Nxc6 bxc6 20. Qd3 Qb6 21. Ba3
Rfd8 22. Bc5 Qc7 23. e3 1/2-1/2

[Event "South Wales Autumn Premier"]
[Site "Newport"]
[Date "2018.11.18"]
[Round "4.1"]
[White "Horrell, Stephen A"]
[Black "Jones, Martin C"]
[Result "1/2-1/2"]
[WhiteElo "1522"]
[BlackElo "1761"]
[PlyCount "73"]
[EventDate "2018.11.16"]
[EventType "swiss"]
[EventRounds "5"]
[EventCountry "WLS"]
[SourceDate "2018.11.17"]

1. e4 c5 2. Nc3 e6 3. f4 Nc6 4. Nf3 a6 5. d3 Nf6 6. Be2 d5 7. e5 Nd7 8. O-O Be7
9. Qe1 b5 10. Qg3 O-O 11. f5 exf5 12. Bh6 g6 13. Bxf8 Bxf8 14. Nxd5 Bg7 15. Nc3
Ndxe5 16. Nxe5 Bxe5 17. Qf3 Bb7 18. Rae1 Qb8 19. Qh3 Nd4 20. Bd1 Ne6 21. Bf3
Ng5 22. Qh4 Nxf3+ 23. gxf3 Qd6 24. Re2 f6 25. Qh3 Rd8 26. Nd1 Bd5 27. b3 c4 28.
dxc4 bxc4 29. Kg2 cxb3 30. cxb3 Be6 31. Nf2 Qc6 32. Qh4 g5 33. Qb4 g4 34. Kg1
Qxf3 35. Rxe5 fxe5 36. Qe7 Qd5 37. Qg5+ 1/2-1/2

[Event "South Wales Autumn Premier"]
[Site "Newport"]
[Date "2018.11.18"]
[Round "4.2"]
[White "McIntosh, David"]
[Black "Macarthur, Duncan M"]
[Result "0-1"]
[WhiteElo "1394"]
[BlackElo "1742"]
[Annotator "Thornton,John"]
[PlyCount "90"]
[EventDate "2018.11.16"]
[EventType "swiss"]
[EventRounds "5"]
[EventCountry "WLS"]
[SourceDate "2018.11.17"]

1. d4 Nf6 2. c4 g6 3. Nc3 d5 4. cxd5 Nxd5 5. e4 Nb6 6. Be3 Bg7 7. Nf3 O-O 8.
Be2 c6 9. O-O N8d7 10. e5 Nd5 11. Nxd5 cxd5 12. Ng5 Nb6 13. f4 Nc4 14. Bc1 Qb6
15. b3 Na5 16. Ba3 Nc6 17. Bc5 Qd8 18. Nf3 Bf5 19. Nh4 Be4 20. f5 Re8 21. fxg6
hxg6 22. Bf3 b6 23. Ba3 e6 24. g3 Rc8 25. Qd2 g5 26. Ng2 Bg6 27. Bc1 f6 28.
exf6 Bxf6 29. Bb2 Qe7 30. h4 Qg7 31. h5 Bh7 32. Rad1 Ne7 33. Ne3 Nf5 34. Nxf5
Bxf5 35. Rc1 g4 36. Bxd5 Rxc1 37. Qxc1 $4 Bxd4+ 38. Bxd4 Qxd4+ 39. Kh2 Qxd5 40.
Qg5+ Kh7 41. h6 Qe5 42. Qd2 Qf6 43. Rh1 Rd8 44. Qg2 Qxh6+ 45. Kg1 Rd1+ 0-1

[Event "South Wales Autumn Premier"]
[Site "Newport"]
[Date "2018.11.18"]
[Round "4.4"]
[White "Shaw, Tony"]
[Black "Jones, Jeremy"]
[Result "1-0"]
[WhiteElo "1525"]
[BlackElo "1584"]
[PlyCount "55"]
[EventDate "2018.11.16"]
[EventType "swiss"]
[EventRounds "5"]
[EventCountry "WLS"]
[SourceDate "2018.11.17"]

1. e4 e5 2. Nf3 Nc6 3. Bb5 a6 4. Ba4 b5 5. Bb3 Nf6 6. d3 Be7 7. O-O O-O 8. c3
Na5 9. Bc2 d6 10. h3 h6 11. Nbd2 Be6 12. d4 exd4 13. Nxd4 Bd7 14. Re1 c5 15.
N4f3 Nc6 16. Nf1 Ne5 17. Bf4 Nxf3+ 18. Qxf3 Bc6 19. Rad1 d5 20. e5 Nd7 21. Qd3
f5 22. g4 c4 23. Qf3 fxg4 24. Qxg4 g5 25. Qe6+ Rf7 26. Bg6 Qf8 27. Bg3 Rc8 28.
Bxf7+ 1-0